Cuentos clásicos juveniles (Registro nro. 7996)

Detalles MARC
000 -CABECERA
Longitud fija campo de control 01694nam a2200385 i 4500
005 - • FECHA Y HORA DE LA ÚLTIMA TRANSACCIÓN
Fecha y hora de la última transacción 20220317001746.0
007 - • CAMPO FIJO DE DESCRIPCIÓN FÍSICA
Campo fijo de descripción física ta
008 - • CÓDIGOS DE INFORMACIÓN DE LONGITUD FIJA
Códigos de información de longitud fija 210825r20162020ck jr 000 jdspa d
020 ## - • NÚMERO INTERNACIONAL NORMALIZADO PARA LIBROS
Número Internacional Normalizado para Libros (ISBN) 9789589002490
040 ## - FUENTE DE LA CATALOGACIÓN
Centro catalogador de origen CO-BoRNBP
Lengua de catalogación spa
Normas de descripción rda
Centro transcriptor CO-BoRNBP
041 0# - • CÓDIGO DE LENGUA
Código de lengua del texto/banda sonora o título independiente spa
084 ## - • Clasificación Local Alfanúmerica PNLB
Número de clasificación C CUE173
245 00 - • TITULO PROPIAMENTE DICHO
Título Cuentos clásicos juveniles
Mención de responsabilidad, etc. selección y prólogo Conrado Zuluaga Osorio
250 ## - • MENCIÓN DE EDICIÓN
Mención de edición Primera edición
Resto de la mención de edición Novena reimpresión
264 #1 - PRODUCCIÓN, PUBLICACIÓN , DISTRIBUCIÓN, FABRICACIÓN Y COPYRIGHT
Lugar de producción, publicación, distribución, fabricación Bogotá
Nombre del productor, editor, distribuidor, fabricante Loqueleo
Fecha de de producción, publicación, distribución, fabricación o copyright 2016
-- 2020
300 ## - • DESCRIPCIÓN FÍSICA
Extensión 102 páginas
Dimensiones 21 cm
336 ## - TIPO DE CONTENIDO
Término de tipo de contenido texto
Código de tipo de contenido txt
Fuente rdacontent
337 ## - TIPO DE MEDIO
Nombre del tipo de medio sin mediación
Código del tipo de medio n
Fuente rdamedia
338 ## - TIPO DE SOPORTE
Nombre del tipo de soporte volumen
Código del tipo de soporte nc
Fuente rdacarrier
490 ## - • MENCIÓN DE SERIE
Mención de serie Clásicos
505 00 - • NOTA DE CONTENIDO CON FORMATO
Título (R ) El empresario de pompas fúnebres
Mención de responsabilidad (R ) Alexander Pushkin
Título (R ) Un árbol de Noël y una boda
Mención de responsabilidad (R ) Fiodor Dostoievski
Título (R ) El poder de la infancia
Mención de responsabilidad (R ) Leon Tolstoi
Título (R ) La ficha de la muerte
Mención de responsabilidad (R ) Mark Twain
Título (R ) La nodriza
Mención de responsabilidad (R ) J. M. Eca de Queiroz
Título (R ) El papá de Simón
Mención de responsabilidad (R ) Guy de Maupassant
Título (R ) El amigo fiel
Mención de responsabilidad (R ) Oscar Wilde
521 ## - • NOTA DE PÚBLICO DESTINATARIO
Nota público destinatario (R ) Recomendado para un público mayor de 12 años
545 ## - DATOS BIOGRÁFICOS O HISTÓRICOS
Datos bigr´ficos o históricos Incluye datos biográficos de los autores al final del texto
650 17 - • PUNTO DE ACCESO ADICIONAL DE MATERIA - TÉRMINO DE MATERIA
Término de materia o nombre geográfico como elemento inicial Cuentos juveniles
Subdivisión de forma Colecciones
Fuente del encabezamiento o término LEMB
650 17 - • PUNTO DE ACCESO ADICIONAL DE MATERIA - TÉRMINO DE MATERIA
Término de materia o nombre geográfico como elemento inicial Literatura juvenil
Subdivisión de forma Colecciones
Fuente del encabezamiento o término LEMB
700 1# - • PUNTO DE ACCESO ADICIONAL - NOMBRE DE PERSONA
Nombre de persona Zuluaga Osorio, Conrado
Fechas asociadas al nombre 1947-
Término indicativo de función prologuista
700 1# - • PUNTO DE ACCESO ADICIONAL - NOMBRE DE PERSONA
Nombre de persona Pushkin, Alexander
Fechas asociadas al nombre 1799-1837
Término indicativo de función autor
700 1# - • PUNTO DE ACCESO ADICIONAL - NOMBRE DE PERSONA
Nombre de persona Dostoievski, Fedor
Fechas asociadas al nombre 1821-1881
Término indicativo de función autor
700 1# - • PUNTO DE ACCESO ADICIONAL - NOMBRE DE PERSONA
Nombre de persona Tolstoi, León
Fechas asociadas al nombre 1828-1910
Término indicativo de función autor
700 1# - • PUNTO DE ACCESO ADICIONAL - NOMBRE DE PERSONA
Nombre de persona Twain, Mark
Fechas asociadas al nombre 1835-1910
Término indicativo de función autor
700 1# - • PUNTO DE ACCESO ADICIONAL - NOMBRE DE PERSONA
Nombre de persona Eca de Queirós, José María
Fechas asociadas al nombre 1845-1900
Término indicativo de función autor
700 1# - • PUNTO DE ACCESO ADICIONAL - NOMBRE DE PERSONA
Nombre de persona Maupassant, Guy de
Fechas asociadas al nombre 1850-1893
Término indicativo de función autor
700 1# - • PUNTO DE ACCESO ADICIONAL - NOMBRE DE PERSONA
Nombre de persona Wilde, Oscar
Fechas asociadas al nombre 1854-1900
942 ## - ENTRADA DE ELEMENTOS AGREGADOS (KOHA)
Fuente de clasificaión o esquema
Koha [por defecto] tipo de item Libro Literatura
Existencias
Perdido Fuente de clasificación o esquema Estado Físico No para préstamo Forma de adquisición Localización permanente Localización actual Localización en estanterías Fecha adquisición Préstamos totales Signatura completa Código de barras Fecha última consulta Número de copia Fecha del precio de reemplazo Tipo de item de Koha
  Dewey Decimal Classification     Colección General Biblioteca Pública Mapiripan - Jorge Eliecer Gaitán Biblioteca Pública Mapiripan - Jorge Eliecer Gaitán Literatura 01/30/2025   C CUE173 MPJG0175 01/30/2025 Ej.1 01/30/2025 Libro Literatura
  Dewey Decimal Classification     Colección General Biblioteca Pública Medellin del Ariari - El Castillo Biblioteca Pública Medellin del Ariari - El Castillo Literatura 11/07/2024   CUE173 Ej.1 BM00000117 11/07/2024 Ej.1 11/07/2024 Libro Literatura









Instituto Departamental de Cultura del Meta - Red Departamental de Bibliotecas Públicas del Meta.